00453nam a2200169Ia 4500003000400000005001700004008004100021020001800062040000700080041000800087082001900095100002300114245008100137260004000218300001200258365001300270OSt20230427092426.0210423s2007 xx 000 0 und d a9788130918884 cAL aeng a820.9 BLOM223 aBLOOM (Harold),Ed. aModern critical interpretations Tennessee Williams a streetcar named desire. aNew DelhibViva Books Pvt Ltdc2007 a136bPB b145cINR